[Event "SV Kamen 1 - Gütersloher SV 1"]
[Site "NRW-Klasse - Gruppe 1 2021/20"]
[Date "2022.03.27"]
[Round "7.5"]
[White "Neumann, Theodor"]
[Black "Seepe, Udo"]
[Result "0-1"]
[WhiteElo "1917"]
[BlackElo "2019"]
[Annotator "daniel"]
[PlyCount "78"]
[EventDate "2022.??.??"]
[SourceVersionDate "2020.03.16"]
[WhiteTeam "Gütersloher SV 1"]
[BlackTeam "SV Kamen 1"]

1. e4 c5 2. Nc3 g6 3. f4 Nc6 4. Nf3 Bg7 5. Bb5 d6 6. O-O e6 7. Bxc6+ bxc6 8. d3
Ne7 9. Qe1 a5 10. f5 exf5 11. Qh4 f6 $11 12. Bh6 O-O 13. Rae1 Ra7 14. Nd2 Be6
15. Rf3 g5 16. Bxg5 Ng6 17. Qh3 fxg5 18. exf5 Bc8 19. g4 Nf4 20. Rxf4 gxf4 21.
Nf3 d5 22. Qh5 Re7 23. Rf1 Qe8 24. Qh4 Bf6 25. g5 Bxc3 26. bxc3 Bxf5 27. Qf2 d4
28. cxd4 Re2 29. Qh4 Qe3+ 30. Kh1 c4 31. g6 Bxg6 32. dxc4 Rxc2 33. Qg4 Rc1 34.
Rxc1 Qxc1+ 35. Kg2 Qxc4 36. h4 Qxa2+ 37. Kf1 Qb1+ 38. Kf2 Qf5 39. Qg1 Qc2+ 0-1

[Event "SV Kamen 1 - Gütersloher SV 1"]
[Site "NRW-Klasse - Gruppe 1 2021/20"]
[Date "2022.03.27"]
[Round "7.6"]
[White "Rumpf, Thomas"]
[Black "Grochtmann, Stephan"]
[Result "0-1"]
[WhiteElo "2043"]
[BlackElo "2007"]
[PlyCount "66"]
[EventDate "2022.??.??"]
[SourceVersionDate "2020.03.16"]
[WhiteTeam "SV Kamen 1"]
[BlackTeam "Gütersloher SV 1"]

1. e4 c5 2. Nf3 e6 3. c3 Nf6 4. e5 Nd5 5. d4 cxd4 6. cxd4 b6 7. Bd3 Bb4+ 8. Bd2
Bxd2+ 9. Nbxd2 Ba6 10. Nc4 O-O 11. Rc1 f5 12. O-O Nf4 13. Bb1 Nc6 14. Re1 Bxc4
15. Rxc4 Ne7 16. Bd3 Ned5 17. Bf1 g5 18. Nd2 g4 19. g3 Ng6 20. f4 gxf3 21. Qxf3
Qg5 22. Qf2 Kh8 23. Nf3 Qh6 24. Bg2 Rg8 25. h3 Ngf4 26. gxf4 Nxf4 27. Qh4 Rxg2+
28. Kh1 Qxh4 29. Nxh4 Rg3 30. Rc3 Rag8 31. Ree3 Rg1+ 32. Kh2 Rd1 33. Rf3 Rd2+
0-1

[Event "SV Kamen 1 - Gütersloher SV 1"]
[Site "NRW-Klasse - Gruppe 1 2021/20"]
[Date "2022.03.27"]
[Round "7.7"]
[White "Kruze, Frank"]
[Black "Georg, Heinz"]
[Result "0-1"]
[WhiteElo "1669"]
[BlackElo "2080"]
[PlyCount "88"]
[EventDate "2022.??.??"]
[SourceVersionDate "2020.03.16"]
[WhiteTeam "Gütersloher SV 1"]
[BlackTeam "SV Kamen 1"]

1. d4 f5 2. Nf3 Nf6 3. c3 e6 4. Bf4 b6 5. Nbd2 Bb7 6. h3 h6 7. e3 g5 8. Be5 d6
9. Bb5+ c6 10. Bxf6 Qxf6 11. Ba4 Nd7 12. Qe2 d5 13. O-O-O b5 14. Bc2 Bd6 15.
Ne1 O-O-O 16. Nd3 e5 17. Nb3 e4 18. Ndc5 Nxc5 19. Nxc5 Kc7 20. Qd2 f4 21. Kb1
Rhf8 22. Rhf1 Bc8 23. a4 Bxc5 24. dxc5 Ba6 25. Rfe1 fxe3 26. fxe3 bxa4 27. Bxa4
Rb8 28. Bc2 Qe7 29. Qd4 Bc4 30. Rd2 Rf7 31. Bd1 Qf6 32. b4 a5 33. Rb2 axb4 34.
cxb4 Qxd4 35. exd4 Rbf8 36. Be2 Bxe2 37. Rexe2 Rf1+ 38. Ka2 Rd1 39. Rbd2 Rxd2+
40. Rxd2 e3 41. Rd3 Rf2+ 42. Kb3 e2 43. Re3 Rxg2 44. Kc3 Rg3 0-1

[Event "SV Kamen 1 - Gütersloher SV 1"]
[Site "NRW-Klasse - Gruppe 1 2021/20"]
[Date "2022.03.27"]
[Round "7.8"]
[White "Markert, Dirk"]
[Black "Ebert, Manuel"]
[Result "0-1"]
[WhiteElo "1854"]
[BlackElo "2145"]
[Annotator "daniel"]
[PlyCount "98"]
[EventDate "2022.??.??"]
[SourceVersionDate "2020.03.16"]
[WhiteTeam "SV Kamen 1"]
[BlackTeam "Gütersloher SV 1"]

1. d4 Nf6 2. Bf4 g6 3. Nc3 d5 4. e3 Bg7 5. h4 Bf5 6. Be2 h5 7. Nf3 c5 8. Nb5
Na6 9. O-O O-O 10. c3 cxd4 11. exd4 Ng4 12. Re1 Be4 13. Ng5 e5 14. Bg3 exd4 15.
cxd4 Bf5 16. Rc1 Qb6 17. a4 Rad8 18. Qd2 $11 Rd7 19. a5 Qf6 20. Bxg4 Bxg4 21.
Be5 Qd8 22. Bxg7 Kxg7 23. Nxa7 Nc7 24. Qd3 Ne6 25. Qd2 Nc7 26. Qd3 Bf5 27. Qb3
Ne6 28. Qb4 Qb8 29. Nb5 Qf4 30. Nf3 f6 31. Nc3 Qg4 32. Nxd5 Rxd5 33. Qxb7+ Rf7
34. Qxd5 Nf4 35. Ne5 fxe5 36. Qxe5+ Kh7 37. g3 Bd7 38. Rc2 Nh3+ 39. Kh2 Nxf2
40. Rxf2 Rxf2+ 41. Kg1 Rf7 42. Rf1 Bf5 43. a6 Rd7 44. Ra1 Be4 45. a7 Ba8 46. d5
Bxd5 47. Kh2 Qf3 48. Rg1 Qf2+ 49. Kh3 Qxg1 0-1

[Event "SV Königsspringer Lemgo 1 - Schach Nie"]
[Site "NRW-Klasse - Gruppe 1 2021/20"]
[Date "2022.03.27"]
[Round "7.1"]
[White "Mikeladze, Berdia"]
[Black "Rapatinski, Konstantin"]
[Result "0-1"]
[WhiteElo "2381"]
[BlackElo "2122"]
[PlyCount "78"]
[EventDate "2022.??.??"]
[SourceVersionDate "2020.03.16"]
[WhiteTeam "Schach Nienberge 1"]
[BlackTeam "SV Königsspringer Lemgo 1"]

1. Nf3 d5 2. d4 c5 3. e3 e6 4. Be2 Nf6 5. O-O Nc6 6. b3 Bd6 7. c4 O-O 8. Nc3 b6
9. Bb2 Bb7 10. cxd5 exd5 11. Rc1 Re8 12. Na4 Ne4 13. g3 Qe7 14. Nc3 Nb4 15. a3
Nxc3 16. Rxc3 Nc6 17. Rc2 Rad8 18. Qc1 Rc8 19. Rd1 cxd4 20. Bb5 dxe3 21. Bxc6
exf2+ 22. Kg2 Rxc6 23. Rxc6 Bc5 24. Rxc5 bxc5 25. Rf1 d4 26. Rxf2 g5 27. h3 h5
28. Kg1 Qe3 29. Qxe3 dxe3 30. Rf1 e2 31. Re1 Bxf3 32. Kf2 g4 33. h4 Rb8 34. b4
cxb4 35. Rc1 Rd8 36. Rc5 Rd1 37. Rg5+ Kf8 38. Bg7+ Ke7 39. Re5+ Kd7 0-1

[Event "SV Königsspringer Lemgo 1 - Schach Nie"]
[Site "NRW-Klasse - Gruppe 1 2021/20"]
[Date "2022.03.27"]
[Round "7.2"]
[White "Tuschinske, Matthias"]
[Black "Remmeke, Hans"]
[Result "1/2-1/2"]
[WhiteElo "2086"]
[BlackElo "2112"]
[PlyCount "25"]
[EventDate "2022.??.??"]
[SourceVersionDate "2020.03.16"]
[WhiteTeam "SV Königsspringer Lemgo 1"]
[BlackTeam "Schach Nienberge 1"]

1. e4 c6 2. d4 d5 3. Nd2 dxe4 4. Nxe4 Nf6 5. Nxf6+ exf6 6. c3 Bd6 7. Bd3 O-O 8.
Ne2 Re8 9. O-O Nd7 10. Bf4 Nf8 11. Bxd6 Qxd6 12. Qd2 Be6 13. Ng3 1/2-1/2

[Event "SV Königsspringer Lemgo 1 - Schach Nie"]
[Site "NRW-Klasse - Gruppe 1 2021/20"]
[Date "2022.03.27"]
[Round "7.3"]
[White "Emiroglu, Murat"]
[Black "Pajewski, Oliver"]
[Result "1-0"]
[WhiteElo "2123"]
[BlackElo "2002"]
[PlyCount "152"]
[EventDate "2022.??.??"]
[SourceVersionDate "2020.03.16"]
[WhiteTeam "Schach Nienberge 1"]
[BlackTeam "SV Königsspringer Lemgo 1"]

1. e4 e6 2. d4 b6 3. c4 Bb7 4. Bd3 Bb4+ 5. Nd2 f5 6. Qe2 Nf6 7. a3 Bxd2+ 8.
Bxd2 Nxe4 9. Bf4 O-O 10. f3 Nf6 11. O-O-O Re8 12. Qc2 Nh5 13. Be3 g6 14. Nh3
Qf6 15. Bg5 Qg7 16. Rhg1 Nc6 17. g4 Nxd4 18. Qf2 fxg4 19. fxg4 Rf8 20. Qe3 Rf3
21. Qe1 Rxh3 22. gxh5 Rxh2 23. Bd2 Rxh5 24. Bc3 Qh6+ 25. Kb1 Nf3 26. Qf2 Rf8
27. Rgf1 Qf4 28. Qc2 Rh2 29. Qa4 Bc6 30. Qa6 Qe3 31. Ka1 Rf2 32. Rh1 Ne5 33.
Rhe1 Qxd3 34. Rxd3 Nxd3 35. Rd1 Nc5 36. Qxa7 Ba4 37. Re1 Rf1 38. b4 Nb3+ 39.
Kb1 b5 40. cxb5 Bxb5 41. Rxf1 Rxf1+ 42. Kb2 Bc4 43. a4 c5 44. bxc5 Rf2+ 45. Ka3
Rf3 46. Qa8+ Rf8 47. Qe4 Bd5 48. Qe5 Kf7 49. Qc7 Ke8 50. Qb8+ Kf7 51. Qc7 Ke8
52. Bb4 Nd4 53. Qb8+ Kf7 54. Qf4+ Nf5 55. c6 Bxc6 56. Bxf8 Kxf8 57. a5 Ke7 58.
a6 Nd6 59. Qh4+ Ke8 60. Qxh7 Kd8 61. Qh8+ Ne8 62. a7 g5 63. Qb2 g4 64. Qb6+ Ke7
65. Qc5+ Nd6 66. Qxc6 dxc6 67. a8=Q Nf5 68. Qxc6 g3 69. Qf3 Kf6 70. Kb2 Kg5 71.
Kc3 Kh4 72. Kd3 Kh3 73. Qh1+ Kg4 74. Qe4+ Kh3 75. Qxe6 g2 76. Qxf5+ Kg3 1-0

[Event "SV Königsspringer Lemgo 1 - Schach Nie"]
[Site "NRW-Klasse - Gruppe 1 2021/20"]
[Date "2022.03.27"]
[Round "7.4"]
[White "Jakubek, Leander"]
[Black "Ringwelski, Marius"]
[Result "1-0"]
[WhiteElo "1879"]
[BlackElo "1992"]
[PlyCount "45"]
[EventDate "2022.??.??"]
[SourceVersionDate "2020.03.16"]
[WhiteTeam "SV Königsspringer Lemgo 1"]
[BlackTeam "Schach Nienberge 1"]

1. d4 Nf6 2. c4 e6 3. g3 c5 4. Nf3 cxd4 5. Nxd4 Nc6 6. Bg2 d5 7. O-O Be7 8. Nc3
O-O 9. cxd5 exd5 10. a3 Re8 11. Qd3 Ne5 12. Qc2 Bg4 13. Rd1 Rc8 14. Qb3 Nc4 15.
Bf4 Na5 16. Qa2 Bc5 17. h3 Bxd4 18. hxg4 Bxc3 19. bxc3 Rxc3 20. g5 Nh5 21. Bxd5
Qe7 22. Bd2 Rc5 23. Bb4 1-0

[Event "SV Königsspringer Lemgo 1 - Schach Nie"]
[Site "NRW-Klasse - Gruppe 1 2021/20"]
[Date "2022.03.27"]
[Round "7.5"]
[White "Gottkehaskamp, Stefan"]
[Black "Lu, Trung Cang"]
[Result "1-0"]
[WhiteElo "2023"]
[BlackElo "1834"]
[PlyCount "51"]
[EventDate "2022.??.??"]
[SourceVersionDate "2020.03.16"]
[WhiteTeam "Schach Nienberge 1"]
[BlackTeam "SV Königsspringer Lemgo 1"]

1. d4 Nf6 2. Bf4 g6 3. e3 Bg7 4. Be2 d5 5. Nf3 Bg4 6. O-O O-O 7. Nbd2 c5 8. c3
Nc6 9. h3 Bxf3 10. Nxf3 cxd4 11. exd4 Ne4 12. Re1 e6 13. Bd3 Nd6 14. h4 Rc8 15.
h5 Na5 16. hxg6 hxg6 17. Ng5 Ndc4 18. Qg4 e5 19. Qh4 Re8 20. dxe5 Rc6 21. b4
Nb2 22. Bb5 a6 23. Bxc6 Nxc6 24. e6 fxe6 25. Qh7+ Kf8 26. Nxe6+ 1-0

[Event "SV Königsspringer Lemgo 1 - Schach Nie"]
[Site "NRW-Klasse - Gruppe 1 2021/20"]
[Date "2022.03.27"]
[Round "7.6"]
[White "Pozo Campos, Francisco"]
[Black "Kemper, Georg"]
[Result "1/2-1/2"]
[WhiteElo "1846"]
[BlackElo "1975"]
[PlyCount "124"]
[EventDate "2022.??.??"]
[SourceVersionDate "2020.03.16"]
[WhiteTeam "SV Königsspringer Lemgo 1"]
[BlackTeam "Schach Nienberge 1"]

1. e4 e6 2. d4 d5 3. Nc3 Bb4 4. e5 b6 5. Nf3 Qd7 6. Bd2 Bb7 7. Bd3 Nc6 8. Qe2
O-O-O 9. O-O-O Kb8 10. a3 Bf8 11. Kb1 Nge7 12. g4 Na5 13. Ng5 Nec6 14. Be3 h6
15. Nf3 Ne7 16. Rhg1 Nc4 17. Bxc4 dxc4 18. Nd2 b5 19. Nce4 Nd5 20. Nc5 Bxc5 21.
dxc5 c3 22. Nb3 cxb2 23. Kxb2 Qc6 24. Rd4 Ne7 25. Rgd1 Rxd4 26. Rxd4 a6 27. Na5
Qf3 28. Qxf3 Bxf3 29. Rf4 Nc6 30. Nxc6+ Bxc6 31. Rxf7 Rg8 32. f4 Kc8 33. f5 Bd5
34. h4 exf5 35. Rxf5 Kd7 36. Bd4 Ke6 37. Rf4 Rh8 38. Kc3 a5 39. Kd3 a4 40. Ke3
c6 41. c3 Bb3 42. Kf2 Bd5 43. Kg3 Bb3 44. Rf2 Bc4 45. Be3 Rg8 46. g5 hxg5 47.
Bxg5 Kxe5 48. Be7 Ke4 49. Bd6 Bd5 50. h5 Bb3 51. Kg4 Rh8 52. Kg5 Bd1 53. Rh2
Bf3 54. Rh4+ Kd5 55. Rd4+ Ke6 56. Rh4 Bd1 57. Re4+ Kf7 58. Re7+ Kg8 59. Re8+
Kh7 60. Re6 Kg8 61. Re8+ Kh7 62. Re6 Kg8 1/2-1/2

[Event "SV Königsspringer Lemgo 1 - Schach Nie"]
[Site "NRW-Klasse - Gruppe 1 2021/20"]
[Date "2022.03.27"]
[Round "7.7"]
[White "Keller, Dirk"]
[Black "Brechelt, Detlef"]
[Result "1-0"]
[WhiteElo "1919"]
[BlackElo "1789"]
[PlyCount "83"]
[EventDate "2022.??.??"]
[SourceVersionDate "2020.03.16"]
[WhiteTeam "Schach Nienberge 1"]
[BlackTeam "SV Königsspringer Lemgo 1"]

1. c4 c5 2. g3 g6 3. Bg2 Bg7 4. Nc3 Nc6 5. d3 d6 6. e4 e6 7. Nge2 Nge7 8. Bg5
h6 9. Be3 Nd4 10. Qd2 a6 11. Rb1 Nec6 12. O-O Bd7 13. a3 Nb3 14. Qd1 Nbd4 15.
b4 Rb8 16. b5 axb5 17. cxb5 Ne7 18. a4 O-O 19. Qc1 Kh7 20. Bxd4 cxd4 21. Nd1
Ra8 22. Qc4 Qb6 23. Qb4 Rfc8 24. Nb2 Rc2 25. Nc1 Qc5 26. Nc4 Nc8 27. Qxc5 dxc5
28. a5 e5 29. f4 Be6 30. fxe5 Kg8 31. Nd6 Rxa5 32. Nxb7 Ra7 33. Nd8 Bxe5 34. b6
Ra6 35. b7 Nb6 36. Nxe6 fxe6 37. Bh3 Rxc1 38. Bxe6+ Kh8 39. Rfxc1 Na4 40. b8=Q+
Bxb8 41. Rxb8+ Kg7 42. Bc4 1-0

[Event "SV Königsspringer Lemgo 1 - Schach Nie"]
[Site "NRW-Klasse - Gruppe 1 2021/20"]
[Date "2022.03.27"]
[Round "7.8"]
[White "Buerger, Axel"]
[Black "Wetterau, Georg"]
[Result "1-0"]
[WhiteElo "1727"]
[BlackElo "1819"]
[PlyCount "85"]
[EventDate "2022.??.??"]
[SourceVersionDate "2020.03.16"]
[WhiteTeam "SV Königsspringer Lemgo 1"]
[BlackTeam "Schach Nienberge 1"]

1. Nf3 Nf6 2. c4 g6 3. g3 Bg7 4. Bg2 O-O 5. O-O c6 6. d3 d5 7. Nbd2 Qc7 8. Rb1
a5 9. b3 e5 10. Qc2 d4 11. a3 c5 12. b4 axb4 13. axb4 cxb4 14. Rxb4 Nc6 15. Rb5
Bd7 16. Qb1 Rfb8 17. Re1 Ne8 18. Ng5 Na5 19. Rb6 Bc6 20. Nge4 Bf8 21. Nf1 h6
22. f4 f5 23. Nf2 Bxg2 24. Kxg2 Bc5 25. Rxg6+ Kh7 26. Re6 e4 27. dxe4 Ng7 28.
exf5 Nxe6 29. fxe6+ Kg7 30. Qf5 Rf8 31. Qg4+ Kh7 32. f5 Qg7 33. Qe4 Qf6 34. g4
Nxc4 35. Qxb7+ Kh8 36. Qd5 Ne3+ 37. Nxe3 dxe3 38. Ne4 Qd4 39. Qxd4+ Bxd4 40.
Rd1 Ra4 41. Kf3 h5 42. Rxd4 Rxd4 43. Bb2 1-0

[Event "Herforder SV Königsspringer 1 - SF Bra"]
[Site "NRW-Klasse - Gruppe 1 2021/20"]
[Date "2022.03.27"]
[Round "7.1"]
[White "Stemmler, Fabian"]
[Black "Peist, Juergen"]
[Result "1/2-1/2"]
[WhiteElo "2087"]
[BlackElo "2299"]
[PlyCount "95"]
[EventDate "2022.??.??"]
[SourceVersionDate "2020.03.16"]
[WhiteTeam "SF Brackel 2"]
[BlackTeam "Herforder SV Königsspringer 1"]

1. d4 Nf6 2. Bg5 e6 3. e4 h6 4. Bxf6 Qxf6 5. c3 d6 6. Nd2 e5 7. Ngf3 g5 8. Qa4+
Nd7 9. dxe5 dxe5 10. Nc4 Bd6 11. Nxd6+ cxd6 12. Bb5 Ke7 13. O-O Nc5 14. Qc2 Ne6
15. Rfe1 Nf4 16. Nd2 Be6 17. Nf1 h5 18. Ne3 g4 19. Rad1 Rad8 20. Qa4 a6 21. Bf1
Rhg8 22. g3 Nh3+ 23. Bxh3 gxh3 24. Qc2 Qf3 25. Qe2 Qxe4 26. Qxh5 Qc6 27. Qe2
Kd7 28. c4 Bg4 29. Qc2 Bxd1 30. Qf5+ Kc7 31. Qxf7+ Kb8 32. Rxd1 Rg4 33. Qe7 Rd7
34. Qe6 Rd4 35. Qxh3 Rxd1+ 36. Nxd1 d5 37. cxd5 Rxd5 38. Ne3 Rc5 39. Qh8+ Ka7
40. Nf1 Qe4 41. Qh6 Qd5 42. Qe3 Ka8 43. h4 Rc2 44. h5 Qd1 45. Qxe5 Rc1 46. Qe8+
Ka7 47. Qe3+ Ka8 48. Qe8+ 1/2-1/2

[Event "Herforder SV Königsspringer 1 - SF Bra"]
[Site "NRW-Klasse - Gruppe 1 2021/20"]
[Date "2022.03.27"]
[Round "7.2"]
[White "Quelle, Helmut"]
[Black "Gerlach, Felix"]
[Result "1/2-1/2"]
[WhiteElo "2021"]
[BlackElo "2104"]
[PlyCount "108"]
[EventDate "2022.??.??"]
[SourceVersionDate "2020.03.16"]
[WhiteTeam "Herforder SV Königsspringer 1"]
[BlackTeam "SF Brackel 2"]

1. Nf3 Nf6 2. g3 g6 3. Bg2 Bg7 4. O-O c5 5. c4 O-O 6. Nc3 Nc6 7. d4 d6 8. dxc5
dxc5 9. Bf4 Be6 10. Ne5 Nxe5 11. Bxe5 Qc8 12. Qb3 Nh5 13. Bxg7 Nxg7 14. Bxb7
Bxc4 15. Bxc8 Bxb3 16. Ba6 Be6 17. Na4 Rab8 18. Rfc1 Rb4 19. b3 c4 20. Bxc4
Bxc4 21. Rxc4 Rxc4 22. bxc4 Rc8 23. Rc1 Ne6 24. e3 Rc6 25. Rc2 Ra6 26. Nc3 Nc5
27. Kf1 Nd3 28. Ke2 Ne5 29. Nd5 e6 30. Nb4 Ra4 31. f4 Rxb4 32. fxe5 Kf8 33. Kd3
Ke7 34. Kc3 Rb7 35. Rb2 Rc7 36. g4 f6 37. exf6+ Kxf6 38. Rb5 Ke7 39. a4 Kd6 40.
a5 Kc6 41. Kb4 Rf7 42. Rc5+ Kd6 43. Kb5 Rb7+ 44. Ka6 Rf7 45. Rc8 Kd7 46. Ra8
Kc6 47. Rxa7 Rf8 48. Rxh7 Ra8+ 49. Ra7 Rh8 50. e4 Rg8 51. h4 Rh8 52. e5 Rg8 53.
h5 gxh5 54. gxh5 Rh8 1/2-1/2

[Event "Herforder SV Königsspringer 1 - SF Bra"]
[Site "NRW-Klasse - Gruppe 1 2021/20"]
[Date "2022.03.27"]
[Round "7.3"]
[White "Kracht, Raphael"]
[Black "Hanisch, Bernd"]
[Result "1/2-1/2"]
[WhiteElo "2122"]
[BlackElo "1982"]
[PlyCount "48"]
[EventDate "2022.??.??"]
[SourceVersionDate "2020.03.16"]
[WhiteTeam "SF Brackel 2"]
[BlackTeam "Herforder SV Königsspringer 1"]

1. e4 c6 2. d4 d5 3. e5 c5 4. Nf3 Nc6 5. dxc5 Bg4 6. c3 Bxf3 7. Qxf3 e6 8. Be3
Nge7 9. Nd2 Nxe5 10. Bb5+ N7c6 11. Qg3 a6 12. Be2 g6 13. h4 h5 14. Nb3 Bg7 15.
Rd1 Qe7 16. Nd4 Nd7 17. Nxc6 bxc6 18. Qc7 O-O 19. Qxc6 Rfc8 20. Qa4 Nxc5 21.
Qa3 Qc7 22. Bf3 Bf8 23. Bxc5 Bxc5 24. Qa4 Qe5+ 1/2-1/2

[Event "Herforder SV Königsspringer 1 - SF Bra"]
[Site "NRW-Klasse - Gruppe 1 2021/20"]
[Date "2022.03.27"]
[Round "7.4"]
[White "Hiller, Stefan"]
[Black "Garbuz, Vitaliy"]
[Result "0-1"]
[WhiteElo "1893"]
[BlackElo "2118"]
[PlyCount "116"]
[EventDate "2022.??.??"]
[SourceVersionDate "2020.03.16"]
[WhiteTeam "Herforder SV Königsspringer 1"]
[BlackTeam "SF Brackel 2"]

1. e4 c5 2. Nc3 a6 3. g3 b5 4. a3 Bb7 5. Bg2 e6 6. Nf3 Nf6 7. d3 Be7 8. O-O d6
9. Ne1 Qc7 10. f4 Nc6 11. a4 b4 12. Nb1 h5 13. Nf3 d5 14. e5 Ng4 15. h3 Nh6 16.
Be3 Nf5 17. Bf2 O-O-O 18. Qe1 a5 19. Nbd2 Ba6 20. b3 Kb8 21. Rc1 Rhe8 22. Kh2
f6 23. Qe2 fxe5 24. Nxe5 Nxe5 25. fxe5 Bg5 26. Rcd1 h4 27. g4 Bf4+ 28. Kh1 Ng3+
29. Bxg3 Bxg3 30. Nf3 Rd7 31. Qe3 Rf7 32. Qg5 Qe7 33. Qg6 Ref8 34. Qg5 Bb7 35.
Qxe7 Rxe7 36. d4 Ba6 37. dxc5 Bxf1 38. Rxf1 Rc7 39. Nd4 Rxf1+ 40. Bxf1 Rxc5 41.
Bd3 Bxe5 42. Nxe6 Rc6 43. Nf8 Kc7 44. Ng6 Bf6 45. Nf4 Kd6 46. Kg2 Bg5 47. Ne2
Ke5 48. Ng1 Kf4 49. Kf2 Rf6 50. Nf3 Rf8 51. Bg6 Be7 52. Bd3 Bc5+ 53. Kg2 Ke3
54. Nxh4 Rf2+ 55. Kh1 Kf4 56. Bg6 Kg3 57. Nf5+ Kxh3 58. g5 Rh2# 0-1

[Event "Herforder SV Königsspringer 1 - SF Bra"]
[Site "NRW-Klasse - Gruppe 1 2021/20"]
[Date "2022.03.27"]
[Round "7.5"]
[White "Bartelt, Max Peter"]
[Black "Klemme, Thomas"]
[Result "1/2-1/2"]
[WhiteElo "2019"]
[BlackElo "1856"]
[PlyCount "86"]
[EventDate "2022.??.??"]
[SourceVersionDate "2020.03.16"]
[WhiteTeam "SF Brackel 2"]
[BlackTeam "Herforder SV Königsspringer 1"]

1. d4 d5 2. Nf3 Nf6 3. g3 g6 4. Bg2 Bg7 5. O-O O-O 6. c4 c6 7. Nc3 Nbd7 8. Bf4
dxc4 9. e4 Nb6 10. a4 a5 11. Qd2 Bg4 12. Ne5 Be6 13. Rad1 Nfd7 14. Nf3 Bg4 15.
Bh6 e6 16. h3 Bxf3 17. Bxf3 Qe7 18. h4 Rfd8 19. Bg5 Bf6 20. Qf4 e5 21. Bxf6
Qxf6 22. Qxf6 Nxf6 23. dxe5 Nfd7 24. e6 fxe6 25. Bg4 Nc5 26. f4 Kf7 27. f5 Ke7
28. h5 gxf5 29. exf5 Rg8 30. Bh3 Rxg3+ 31. Kh2 Rd3 32. Rde1 Rd2+ 33. Kh1 Rg8
34. Re3 Rd3 35. Rxd3 cxd3 36. fxe6 Rf8 37. Rg1 Nxe6 38. Re1 Rf6 39. Ne4 Rh6 40.
Bg4 Kd8 41. Nd6 Kc7 42. Ne8+ Kd8 43. Nd6 Kc7 1/2-1/2

[Event "Herforder SV Königsspringer 1 - SF Bra"]
[Site "NRW-Klasse - Gruppe 1 2021/20"]
[Date "2022.03.27"]
[Round "7.6"]
[White "Heuermann, Heinz-Burkhard"]
[Black "Seref, Erdogan"]
[Result "1/2-1/2"]
[WhiteElo "1755"]
[BlackElo "1985"]
[PlyCount "87"]
[EventDate "2022.??.??"]
[SourceVersionDate "2020.03.16"]
[WhiteTeam "Herforder SV Königsspringer 1"]
[BlackTeam "SF Brackel 2"]

1. c4 Nf6 2. Nc3 c5 3. g3 g6 4. Bg2 Bg7 5. Nf3 Nc6 6. d4 cxd4 7. Nxd4 O-O 8.
O-O Qb6 9. Nxc6 bxc6 10. Qc2 Rb8 11. b3 Re8 12. e4 e5 13. Be3 Qa6 14. Rad1 Bf8
15. h3 Nh5 16. Kh2 Ng7 17. f4 d6 18. Qf2 Rb7 19. Rd2 Qa5 20. Na4 Rd8 21. Rfd1
Rbd7 22. fxe5 dxe5 23. Rxd7 Rxd7 24. Rxd7 Bxd7 25. Bxa7 c5 26. Bb6 Qa6 27. Bxc5
Bxa4 28. Bxf8 Kxf8 29. Qc5+ Kg8 30. bxa4 Ne6 31. Qb5 Qd6 32. Qd5 Qa3 33. Qxe5
Qxa2 34. Qb5 Qf2 35. e5 Nd4 36. Qd5 Kg7 37. e6 Nxe6 38. a5 Nd4 39. h4 Nf5 40.
Qe5+ Kg8 41. a6 Ne3 42. Qe8+ Kg7 43. Qe5+ Kg8 44. Qe8+ 1/2-1/2

[Event "Herforder SV Königsspringer 1 - SF Bra"]
[Site "NRW-Klasse - Gruppe 1 2021/20"]
[Date "2022.03.27"]
[Round "7.7"]
[White "Slanina, Aaron"]
[Black "Schalt, Guideon"]
[Result "0-1"]
[WhiteElo "1936"]
[BlackElo "1906"]
[PlyCount "52"]
[EventDate "2022.??.??"]
[SourceVersionDate "2020.03.16"]
[WhiteTeam "SF Brackel 2"]
[BlackTeam "Herforder SV Königsspringer 1"]

1. e4 c5 2. Nf3 d6 3. d4 cxd4 4. Nxd4 Nf6 5. Nc3 a6 6. Bg5 e6 7. Qd2 Qc7 8.
O-O-O Nbd7 9. f4 b5 10. a3 Bb7 11. Bd3 Rc8 12. Rhg1 Qa5 13. Nb3 Qb6 14. g4 b4
15. Na4 Qc6 16. Qxb4 d5 17. exd5 Qxd5 18. Nc3 Bxb4 19. Nxd5 Bxd5 20. Bxa6 Rc7
21. axb4 Bxb3 22. Bd3 Nd5 23. Kb1 Bc4 24. f5 Bxd3 25. Rxd3 Ne5 26. Rd2 Nf3 0-1

[Event "Herforder SV Königsspringer 1 - SF Bra"]
[Site "NRW-Klasse - Gruppe 1 2021/20"]
[Date "2022.03.27"]
[Round "7.8"]
[White "Fuß, Jan"]
[Black "Schaede, Maximilian"]
[Result "1-0"]
[WhiteElo "1692"]
[BlackElo "1750"]
[PlyCount "79"]
[EventDate "2022.??.??"]
[SourceVersionDate "2020.03.16"]
[WhiteTeam "Herforder SV Königsspringer 1"]
[BlackTeam "SF Brackel 2"]

1. e4 c5 2. c3 d5 3. exd5 Qxd5 4. d4 Nf6 5. Nf3 Bg4 6. Be2 cxd4 7. cxd4 e6 8.
Nc3 Bb4 9. Bd2 Bxc3 10. bxc3 Nc6 11. h3 Bf5 12. O-O O-O 13. Nh4 Ne7 14. Nxf5
Qxf5 15. Rb1 Rab8 16. Rb5 Qe4 17. Bf3 Qd3 18. Be2 Qe4 19. Re1 Qc6 20. Qb1 b6
21. Bd3 h6 22. Qc1 Rb7 23. Bxh6 gxh6 24. Qxh6 Ng6 25. Rg5 Ne8 26. Rh5 Nf6 27.
Bxg6 fxg6 28. Rhe5 Re8 29. d5 Nxd5 30. Qxg6+ Rg7 31. Qe4 Rf8 32. Rxe6 Qc5 33.
Qh4 Nf4 34. Rh6 Rxg2+ 35. Kh1 Qg5 36. Rh8+ Kf7 37. Qh7+ Qg7 38. Qf5+ Qf6 39.
Rxf8+ Kxf8 40. Qxf6+ 1-0

[Event "SV Königsspringer Hamm 1 - SC Porta We"]
[Site "NRW-Klasse - Gruppe 1 2021/20"]
[Date "2022.03.27"]
[Round "7.1"]
[White "Adiyaman, Rene"]
[Black "Frombach, Ralf"]
[Result "1-0"]
[WhiteElo "2091"]
[BlackElo "2160"]
[PlyCount "65"]
[EventDate "2022.??.??"]
[SourceVersionDate "2020.03.16"]
[WhiteTeam "SC Porta Westfalica  1"]
[BlackTeam "SV Königsspringer Hamm 1"]

1. e4 c5 2. Nf3 Nf6 3. Nc3 Nc6 4. d4 d5 5. exd5 Nxd5 6. Nxd5 Qxd5 7. Be3 cxd4
8. Nxd4 Nxd4 9. Qxd4 Qxd4 10. Bxd4 Bd7 11. O-O-O Bc6 12. Bc4 e6 13. f4 O-O-O
14. f5 Bxg2 15. Rhe1 exf5 16. Bxf7 Be4 17. Be5 Rxd1+ 18. Rxd1 b6 19. Be6+ Kb7
20. Rd7+ Ka6 21. Rd8 h5 22. Bc3 Kb5 23. Rc8 Ka6 24. Rb8 Kb5 25. Rc8 Ka6 26. a4
Kb7 27. Re8 a5 28. Be5 Bc6 29. Rd8 Bxa4 30. Bd5+ Ka6 31. Ra8+ Kb5 32. c4+ Kb4
33. Rxf8 1-0

[Event "SV Königsspringer Hamm 1 - SC Porta We"]
[Site "NRW-Klasse - Gruppe 1 2021/20"]
[Date "2022.03.27"]
[Round "7.2"]
[White "Prueß, Wilfried"]
[Black "Liebelt, Jannik"]
[Result "1/2-1/2"]
[WhiteElo "2018"]
[BlackElo "2062"]
[PlyCount "70"]
[EventDate "2022.??.??"]
[SourceVersionDate "2020.03.16"]
[WhiteTeam "SV Königsspringer Hamm 1"]
[BlackTeam "SC Porta Westfalica  1"]

1. c4 c5 2. g3 Nf6 3. Bg2 d5 4. cxd5 Nxd5 5. Nc3 Nc7 6. d3 e5 7. Nf3 Nc6 8. O-O
Be7 9. Bd2 O-O 10. Re1 Be6 11. Rc1 f6 12. b3 Qd7 13. Na4 b6 14. Qc2 Rac8 15.
Qb2 Nd5 16. Nc3 Rfd8 17. Nxd5 Bxd5 18. Be3 Be6 19. a3 Nd4 20. Nxd4 cxd4 21. Bd2
Rxc1 22. Rxc1 Rc8 23. b4 Kf7 24. Rxc8 Qxc8 25. Qc1 Qxc1+ 26. Bxc1 a5 27. Bd2
axb4 28. axb4 Bb3 29. f4 exf4 30. gxf4 f5 31. e3 dxe3 32. Bxe3 Bxb4 33. Bxb6
Bd6 34. Be3 Ke6 35. h3 Bc2 1/2-1/2

[Event "SV Königsspringer Hamm 1 - SC Porta We"]
[Site "NRW-Klasse - Gruppe 1 2021/20"]
[Date "2022.03.27"]
[Round "7.3"]
[White "Traetmar, Mattis"]
[Black "Schmidt, Ingo"]
[Result "0-1"]
[WhiteElo "2030"]
[BlackElo "1982"]
[PlyCount "66"]
[EventDate "2022.??.??"]
[SourceVersionDate "2020.03.16"]
[WhiteTeam "SC Porta Westfalica  1"]
[BlackTeam "SV Königsspringer Hamm 1"]

1. d4 d5 2. Nc3 Nf6 3. Bf4 c6 4. e3 Bf5 5. Nf3 Nbd7 6. Be2 e6 7. Ne5 Nxe5 8.
Bxe5 Bd6 9. g4 Bg6 10. f4 Ne4 11. Nxe4 Bxe4 12. O-O Bxe5 13. dxe5 Qb6 14. Qd2
h5 15. f5 exf5 16. gxf5 Qd8 17. f6 Rh6 18. Rf2 gxf6 19. Qd4 f5 20. Kf1 Qe7 21.
Bd3 O-O-O 22. Bxe4 dxe4 23. Qc3 Qe6 24. Ke2 Rd5 25. Raf1 Rxe5 26. Qa3 Rh8 27.
Qxa7 Rd8 28. Rd1 Red5 29. Rd4 c5 30. Qa8+ Kc7 31. Qa5+ b6 32. Qa7+ Kc6 33. Qa4+
Kb7 0-1